Εισαγωγή στις φιλοσοφίες του υπαρξισμού Κίρκεγκωρ, Χάϊντεγκερ, Γιάσπερς, Μαρσέλ, Σάρτρ = Les philosophies de l' existence

Saved in:
Bibliographic Details
Main Author: Wahl, Jean André, 1888-1974
Other Authors: Μαλεβίτσης, Χρήστος Χ., 1927-1997 (Translator)
Format: Book
Language:Greek
Published: Αθήνα ; : Γιάννινα : Δωδώνη, 1988
Subjects:
Tags: Add Tag
No Tags, Be the first to tag this record!

MARC

LEADER 00000cam a2200000 i 4500
001 1/77659
008 050531s1988 gre d
035 |l 10078299 
040 |a GR-MY-UA  |b gre  |e aacr 
041 0 |a gre 
082 0 |a 142.78  |2 (22) 
100 1 |a Wahl, Jean André,   |d 1888-1974. 
245 1 0 |a Εισαγωγή στις φιλοσοφίες του υπαρξισμού Κίρκεγκωρ, Χάϊντεγκερ, Γιάσπερς, Μαρσέλ, Σάρτρ =  |b Les philosophies de l' existence /  |c Jean Wahl ; μετάφραση Χρήστου Μαλεβίτση 
246 2 1 |a Les philosophies de l'existence 
260 |a Αθήνα ; :   |a Γιάννινα :   |b Δωδώνη,   |c 1988 
300 |a 257 σ.;  |c 23 εκ. 
504 |a Περιέχει βιβλιογραφικές παραπομπές 
600 1 0 |a Kierkegaard Soren  |d 1813-1855. 
600 1 0 |a Heidegger, Martin,   |d 1889-1976. 
600 1 0 |a Sartre, Jean-Paul,   |d 1905-1980. 
600 1 0 |a Marcel, Gabriel,   |d 1889-1973. 
650 0 0 |a Existentialism. 
650 0 0 |a Ontology. 
700 1 |a Μαλεβίτσης, Χρήστος Χ.,   |d 1927-1997.  |4 trl 
852 |a INST  |b RHODES  |c KRI  |e 20050531  |h  142.78 WAH  |p 005400028112  |q 005400028112  |t BK  |y 0 
901 |a BIBL4-2005-2 
909 |a Ρ  |b 110729 
970 |a ΣΙΔΕΡΗ  |b ΝΕΚΤΑΡΙΑ  |z 2005/05/31